Archaeological-geological observations in the Saint Roch Church

Elmentve itt :
Bibliográfiai részletek
Szerzők: Béres Mária
Kelemen Éva
Dokumentumtípus: Könyv része
Megjelent: 2016
Sorozat:A vallási kultúrakutatás könyvei
Belsőváros ékköve: Szent-Rókus-templom, Csongrád = Jewel of Belsőváros : Saint Roch Church, Csongrád
Kulcsszavak:Templomépítészet - Magyarország - regionális, Egyháztörténet - katolikus - Magyarország - regionális, Csongrád
Tárgyszavak:
Online Access:http://acta.bibl.u-szeged.hu/67464
LEADER 01033naa a2200241 i 4500
001 acta67464
005 20211004135036.0
008 200515s2016 hu o 0|| eng d
020 |a 978-963-88570-2-6 
022 |a 2064-4825 
040 |a SZTE Egyetemi Kiadványok Repozitórium  |b hun 
041 |a eng 
100 1 |a Béres Mária 
245 1 0 |a Archaeological-geological observations in the Saint Roch Church  |h [elektronikus dokumentum] /  |c  Béres Mária 
260 |c 2016 
300 |a 46-59 
490 0 |a A vallási kultúrakutatás könyvei 
490 0 |a Belsőváros ékköve: Szent-Rókus-templom, Csongrád = Jewel of Belsőváros : Saint Roch Church, Csongrád 
650 4 |a Bölcsészettudományok 
650 4 |a Történettudomány és régészet 
695 |a Templomépítészet - Magyarország - regionális, Egyháztörténet - katolikus - Magyarország - regionális, Csongrád 
700 0 1 |a Kelemen Éva  |e aut 
856 4 0 |u http://acta.bibl.u-szeged.hu/67464/1/vallasi_kulturakutatas_konyvei_028_046-059.pdf  |z Dokumentum-elérés